000
00258nam a2200121Ia 4500
008
190216s9999||||xx |||||||||||||| ||und||
100
_a
Batty
245
0
_a
Management Accounting
260
_b
Null
_c
1970
300
_a
893p
650
_a
Commerce
942
_c
BK
999
_c
4123
_d
4123